| 000 | 00806nam a2200265 4500 | ||
|---|---|---|---|
| 001 | 21488 | ||
| 003 | BD-RjUL | ||
| 005 | 20211209000707.0 | ||
| 008 | 140304s1968 ii b 000 0 eng | ||
| 035 | _a(BD-RjUL)21552 | ||
| 040 |
_aDLC _cDLC _dBD-RjUL _beng |
||
| 041 | _aeng | ||
| 082 | 0 | 0 |
_a821 _bMOP 1968 |
| 100 | 2 |
_aMokashi-Punekar, S. _qShankar Mokashi-Punekar. _966372 |
|
| 245 | 0 | 0 |
_aP. Lal: an appreciation / _cby S. Mokashi-Punekar. |
| 260 |
_aCalcutta : _bWriters Workshop, _c1968. |
||
| 300 |
_a42 p. : _c23 cm. |
||
| 490 | 0 | _aIndian writers in English series, 2 | |
| 504 | _aList of P. Lal's works: p. 42. | ||
| 600 | 1 | 0 |
_aLal, P. _xCriticism and interpretation. _966373 |
| 651 | 0 |
_aIndia _xIn literature. _947718 |
|
| 942 |
_2ddc _cBK |
||
| 999 |
_c21488 _d21488 |
||